| 000 -LEADER |
| fixed length control field |
00560cam a22001217a 4500 |
| 008 - FIXED-LENGTH DATA ELEMENTS--GENERAL INFORMATION |
| fixed length control field |
180718b1965 xxu||||| |||| 00| 0 eng d |
| 082 ## - DEWEY DECIMAL CLASSIFICATION NUMBER |
| Classification number |
Q43x914 As42 |
| 245 ## - TITLE STATEMENT |
| Title |
Planning for children and youth in national development: the Philippine experience |
| Statement of responsibility, etc. |
by Asian Conference on Children and Youth in National Planning and Development |
| 260 ## - PUBLICATION, DISTRIBUTION, ETC. |
| Place of publication, distribution, etc. |
Manila |
| Name of publisher, distributor, etc. |
Office of National Planning, National Economic Council |
| Date of publication, distribution, etc. |
1965 |
| 300 ## - PHYSICAL DESCRIPTION |
| Extent |
150p. |
| 650 ## - SUBJECT ADDED ENTRY--TOPICAL TERM |
| Topical term or geographic name entry element |
Child Welfare - Philippines |
| 700 ## - ADDED ENTRY--PERSONAL NAME |
| Personal name |
Asian Conference on Children and Youth in National Planning and Development |